000
00325nam a22001457a 4500
003
SGT
082
_a
347.120954,MAL
100
_a
MALIK,LOKENDRA
245
_a
JUDICIAL ACTIVISM IN INDIA
250
_a
1ST
260
_a
NEW DELHI
_b
UNIVERSAL LAW HOUSE
_c
2014
300
_a
391
650
_a
JUDICIAL ACTIVISM
942
_2
ddc
_c
BK
999
_c
9906
_d
9906